000 00649nam a2200265Ia 4500
005 20250425161759.0
008 250425s9999 xx 000 0 und d
020 _a8449411548
041 _aspa
043 _asp
082 _a658.022
110 _aOCEANO GRUPO EDITORIAL
245 0 _aENCICLOPEDIA PRACTICA DE LA PEQUEÑA Y MEDIANA EMPRESA
250 _a1A ED.
260 _aBARCELONA
260 _aEspaña
_bOCEANO/CENTRUM
_c2001
300 _a928
650 _aADMINISTRACION-ENCICLOPEDIAS
650 _aMERCADEO
650 _aNEGOCIOS PEQUEÑOS
650 _aPUBLICIDAD
650 _aPYMES
942 _c01
010 _a28691
999 _c215959
_d215959